000 00198nam a22000857a 4500
008 160628b xxu||||| |||| 00| 0 eng d
100 _91252
_aIgen, B
245 _aChandrashekhar Azad
260 _aD
_b Manoj
999 _c1026
_d1026